|
|
|
|
| LEADER |
00970nam a22002657a 4500 |
| 001 |
26993 |
| 003 |
BD-DhAAL |
| 005 |
20141203162533.0 |
| 008 |
141203s2011 bg b|||| |||| 00| 0 eng d |
| 020 |
|
|
|a 9789843340788
|
| 040 |
|
|
|a BD-DhAAL
|c BD-DhAAL
|
| 082 |
|
|
|2 22
|a 370/.1/8
|
| 100 |
|
|
|a Aktaruzzaman, Md.
|9 6477
|
| 245 |
|
|
|a Methods, evaluation and research in education /
|c Md. Aktaruzzaman in association with Che Kum Clement and Khushi Mohammad
|
| 250 |
|
|
|a 1st ed.
|
| 260 |
|
|
|a Gazipur :
|b Islamic University of Technology,
|c 2011
|
| 300 |
|
|
|a 390 p. :
|b ill. ;
|c 28 cm.
|
| 541 |
|
|
|e 26993
|
| 650 |
|
|
|a Education
|x Research
|9 6478
|
| 700 |
|
|
|a Clement, Che Kum
|9 6479
|
| 700 |
|
|
|a Mohammad, Khushi
|9 6480
|
| 852 |
|
|
|a Ayesha Abed Library
|b General Stacks
|
| 942 |
|
|
|2 ddc
|c BK
|
| 999 |
|
|
|c 33199
|d 33199
|
| 952 |
|
|
|0 0
|1 0
|2 ddc
|4 0
|6 370_000000000000000__1_8_AKT
|7 0
|9 44314
|a BRACUL
|b BRACUL
|c GEN
|d 2014-12-03
|g 400.00
|l 0
|o 370.18 AKT
|p 3010026993
|r 2014-12-03
|t 1
|w 2014-12-03
|y BK
|